000 00636nam a2200229Ia 4500
008 180523s9999 xx 000 0 und d
020 _a0-324-20005-6
050 _aMAIN HF 5382.7
050 _b.R37 2004
100 _aRasberry, Robert W.
245 0 _aEmployment strategies for career success /
245 0 _cRobert W. Rasberry.
260 _aMason, Ohio :
260 _bThomson Learning,
260 _c2004
300 _a104 pages :
300 _c23 cm.
500 _aIncludes bibliographical references and index.
650 _aEmployment interviewing.
650 _aJob hunting.
650 _xResumes (Employment).
999 _c357008
_d357008